000 00718nam a2200193Ii 4500
003 JO-AjNU
008 230605s9999||||xx |||||||||||||| ||und||
040 _aJO-AjNU
_bara
_erda
_cJO-AjNU
041 _aara
050 1 4 _aHF5549 .S242 2009
100 3 _aتأليف:عبد الباقي،صلاح الدين /م.مشارك:علي عبدالهادي مسلم،رواية حسن,
_eauthor
_932165
245 0 0 _aادارة الموارد البشرية
264 3 1 _aالاسكندرية: مركز الاسكندرية للكتاب،2009
300 _a322ص
336 _atext
_btxt
_2rdacontent
337 _aunmediated
_bn
_2rdamedia
338 _avolume
_bnc
_2rdacarrier
650 4 _aادارة الافراد
_932166
999 _aA12953
_c16521
_d16521